| 000 | 00894nam a22002897a 4500 | ||
|---|---|---|---|
| 003 | CHAP | ||
| 005 | 20220329143724.0 | ||
| 008 | 110413s199- gw r 00010 spa d | ||
| 010 | _a100942 | ||
| 011 | _a101914 | ||
| 035 | _a112602 | ||
| 040 | _cCHAP | ||
| 090 | _aFolleto 17931 | ||
| 100 | 1 |
_aMerck, E. _974958 |
|
| 245 | 1 | 0 |
_aSustancias tampón, soluciones tampón, titrisol tampón _c/por E. Merck |
| 260 |
_aDarmstadt : _bMerck, _c[199?] |
||
| 300 |
_a26 p. : _bcuadros |
||
| 590 |
_aBATCH-UPD _b10 _c20130110 _lUCH01 _h1939 |
||
| 590 |
_aBATCH-UPD _b10 _c20130410 _lUCH01 _h1302 |
||
| 590 |
_aBATCH-UPD _b10 _c20130914 _lUCH01 _h1814 |
||
| 590 |
_aCONVERSION _b10 _c20130109 _lUCH01 _h1356 |
||
| 650 | 1 | 4 |
_aQuímica orgánica. _993598 |
| 650 | 1 | 4 |
_aSolución (Química) _9108528 |
| 901 | _aBK | ||
| 942 | _cFOLL | ||
| 949 |
_aFolleto 17931 _bBC _cFOLL _d33724002258702 _eTS1 _h17931 _i112602 _sb |
||
| 999 |
_c100942 _d100942 |
||